Untethered sky /

From World Fantasy Award-winning author Fonda Lee comes Untethered Sky, an epic fantasy fable about the pursuit of obsession at all costs. Ester's family was torn apart when a manticore killed her mother and baby brother, leaving her with nothing but her father's painful silence and a sing...

Full description

Bibliographic Details
Main Author: Lee, Fonda (Author)
Format: Book
Language:English
Published: New York : Tom Doherty Associates, [2023].
Edition:First edition.
Subjects:

MARC

Tag First Indicator Second Indicator Subfields
LEADER 00000cam a2200000 i 4500
001 in00004742425
003 OCoLC
008 221005t20232023nyu 000 f eng
005 20250816185347.1
010 |a  2022045689 
020 |a 1250842468  |q hardcover 
020 |a 9781250842466  |q hardcover 
020 |z 9781250842473  |q electronic book 
035 |a (OCoLC)1310768351 
040 |a DLC  |e rda  |c DLC 
041 0 |a eng 
050 0 0 |a PS3612.E34285  |b U58 2023 
082 0 0 |a 813/.6  |2 23/eng/20221221 
100 1 |a Lee, Fonda,  |e author. 
245 1 0 |a Untethered sky /  |c Fonda Lee. 
250 |a First edition. 
264 1 |a New York :  |b Tom Doherty Associates,  |c [2023]. 
264 4 |c ©2023. 
300 |a 152 pages :  |c 22 cm. 
336 |a text  |b txt  |2 rdacontent 
337 |a unmediated  |b n  |2 rdamedia 
338 |a volume  |b nc  |2 rdacarrier 
520 |a From World Fantasy Award-winning author Fonda Lee comes Untethered Sky, an epic fantasy fable about the pursuit of obsession at all costs. Ester's family was torn apart when a manticore killed her mother and baby brother, leaving her with nothing but her father's painful silence and a single, overwhelming need to kill the monsters that took her family. Ester's path leads her to the King's Royal Mews, where the giant rocs of legend are flown to hunt manticores by their brave and dedicated ruhkers. Paired with a fledgling roc named Zahra, Ester finds purpose and acclaim by devoting herself to a calling that demands absolute sacrifice and a creature that will never return her love. The terrifying partnership between woman and roc leads Ester not only on the empire's most dangerous manticore hunt, but on a journey of perseverance and acceptance. 
650 0 |a Imaginary places  |v Fiction. 
650 0 |a Kings and rulers  |v Fiction. 
650 0 |a Monsters  |v Fiction. 
650 0 |a Quests (Expeditions)  |v Fiction. 
650 0 |a Sacrifice  |v Fiction. 
655 0 |a Fantasy fiction. 
655 0 |a Novels. 
945 |b 808248 
947 |a A14852471433 
948 |a dmitchel 11/20/24 1.50.30 
999 f f |i e9a65d54-6a14-490e-a5eb-7e27286a30a4  |s fb50258d-c476-4db4-91bf-c8d1a08bc411  |t 0 
952 f f |p normal  |a Texas A&M University  |b College Station  |c Sterling C. Evans Library  |d Evans: Library Stacks  |t 0  |e PS3612.E34285 U58 2023  |h Library of Congress classification  |i unmediated -- volume  |m A14852471433 
998 f f |a PS3612.E34285 U58 2023  |t 0  |l Evans: Library Stacks